Psychologie der Zeugenaussage: Ergebnisse der rechtspsychologischen Forschung
Die relevanten Ergebnisse der einschlägigen Grundlagenforschung und die daraus abgeleiteten praktischen Konsequenzen für die Gutachtenpraxis werden systematisch zusammengestellt. Neben der Glaubhaftigkeitsbegutachtung von Zeugenaussagen werden noch weitere, zum Teil kontrovers diskutierte Problemste...
| Contributors: | |
|---|---|
| Format: | Print Book |
| Language: | German English |
| Published: |
Weinheim
Beltz, Psychologie-Verlag-Union
c 1997
|
| In: | Year: 1997 |
| Online Access: |
Inhaltsbeschreibung Table of Contents |
| Availability in Tübingen: | Present in Tübingen. IFK: N VIII 91 |
| Check availability: | HBZ Gateway |
| Subito Delivery Service: | Order now. |
| Keywords: |
MARC
| LEADER | 00000cam a2200000 c 4500 | ||
|---|---|---|---|
| 001 | 23511930X | ||
| 003 | DE-627 | ||
| 005 | 20260206192827.0 | ||
| 007 | tu | ||
| 008 | 971007s1997 gw ||||| 00| ||ger c | ||
| 015 | |a 97,A43,0492 |2 dnb | ||
| 016 | 7 | |a 951410903 |2 DE-101 | |
| 020 | |a 3621273840 |9 3-621-27384-0 | ||
| 024 | 3 | |a 9783621273848 | |
| 035 | |a (DE-627)23511930X | ||
| 035 | |a (DE-603)053789032 | ||
| 035 | |a (DE-576)061038148 | ||
| 035 | |a (DE-599)GBV23511930X | ||
| 035 | |a (OCoLC)231707349 | ||
| 035 | |a (OCoLC)231707349 | ||
| 035 | |a (DE-604)8115518266 | ||
| 040 | |a DE-627 |b ger |c DE-627 |e rakwb | ||
| 041 | |a ger |a eng | ||
| 044 | |c XA-DE | ||
| 084 | |a 19 |a 11 |2 sdnb | ||
| 084 | |a CW 8000 |2 rvk |0 (DE-625)rvk/19207: | ||
| 084 | |a PH 9020 |2 rvk |0 (DE-625)rvk/136530: | ||
| 084 | |a CW 8100 |2 rvk |0 (DE-625)rvk/19208: | ||
| 084 | |a 86.41 |2 bkl | ||
| 090 | |a a | ||
| 245 | 0 | 0 | |a Psychologie der Zeugenaussage |b Ergebnisse der rechtspsychologischen Forschung |c Luise Greuel ... (Hrsg.) |
| 264 | 1 | |a Weinheim |b Beltz, Psychologie-Verlag-Union |c c 1997 | |
| 300 | |a XIII, 369 S. |b graph. Darst. | ||
| 336 | |a Text |b txt |2 rdacontent | ||
| 337 | |a ohne Hilfsmittel zu benutzen |b n |2 rdamedia | ||
| 338 | |a Band |b nc |2 rdacarrier | ||
| 500 | |a Literaturverz. S. [326] - 353 | ||
| 500 | |a Auf dem Rücken: Greuel/Fabian/Stadler | ||
| 520 | |a Die relevanten Ergebnisse der einschlägigen Grundlagenforschung und die daraus abgeleiteten praktischen Konsequenzen für die Gutachtenpraxis werden systematisch zusammengestellt. Neben der Glaubhaftigkeitsbegutachtung von Zeugenaussagen werden noch weitere, zum Teil kontrovers diskutierte Problemstellungen erörtert. Dem Problem der Beeinflussbarkeit von Zeugenaussagen wird aufgrund seiner hohen Praxisrelevanz ein gesondertes Kapitel gewidmet. | ||
| 583 | 1 | |a Archivierung/Langzeitarchivierung gewährleistet |f PEBW |x XA-DE-BW |2 pdager |5 DE-31 | |
| 583 | 1 | |a Archivierung prüfen |c 20240324 |f DE-4165 |z 3 |2 pdager | |
| 650 | 0 | 7 | |0 (DE-588)4125193-3 |0 (DE-627)105742074 |0 (DE-576)209574526 |a Aussagepsychologie |2 gnd |
| 650 | 4 | |a Kriterium, Psychologie, Forschung, Diagnoseverfahren, Gesetz, Strafverfahren, Analyse, Befragung, Gutachten, Sexualstraftat | |
| 655 | 7 | |a Aufsatzsammlung |0 (DE-588)4143413-4 |0 (DE-627)105605727 |0 (DE-576)209726091 |2 gnd-content | |
| 655 | 7 | |a Konferenzschrift |y 1996 |z Bremen |0 (DE-588)1071861417 |0 (DE-627)826484824 |0 (DE-576)433375485 |2 gnd-content | |
| 689 | 0 | 0 | |d s |0 (DE-588)4135890-9 |0 (DE-627)105661716 |0 (DE-576)209664568 |a Zeugenaussage |2 gnd |
| 689 | 0 | 1 | |d s |0 (DE-588)4131534-0 |0 (DE-627)105694398 |0 (DE-576)209628057 |a Gerichtliche Psychologie |2 gnd |
| 689 | 0 | |5 (DE-627) | |
| 700 | 1 | |a Greuel, Luise |d 1961- |e Hrsg. |0 (DE-588)113108109 |0 (DE-627)512028443 |0 (DE-576)289752248 |4 edt | |
| 856 | 4 | 2 | |u http://d-nb.info/951410903/04 |m V:AT-OBV |q application/pdf |v 20130501 |x Verlag |3 Inhaltsverzeichnis |7 1 |
| 856 | 4 | 2 | |u http://scans.hebis.de/HEBCGI/show.pl?05378903_toc.pdf |m V:DE-603;B:DE-17 |q application/pdf |3 Inhaltsverzeichnis |7 1 |
| 856 | 4 | 2 | |u http://media.obvsg.at/AC02123724-1002 |x Verlag |y Inhaltsbeschreibung |7 1 |
| 935 | |i sf | ||
| 935 | |i Blocktest | ||
| 936 | r | v | |a CW 8000 |b Forensische Psychologie |k Psychologie |k Angewandte Psychologie |k Andere Gebiete der angewandten Psychologie |k Forensische Psychologie |0 (DE-627)1271504383 |0 (DE-625)rvk/19207: |0 (DE-576)201504383 |
| 936 | r | v | |a PH 9020 |b Strafjustiz; Strafverfahren; Rechtsmedizin; Gerichtlicher Sachverständiger; Gerichtliche Psychiatrie; Kriminalpsychiatrie; Gerichtliche Psychologie; Aussagepsychologie |k Rechtswissenschaft |k Strafrecht, Strafverfahrensrecht, Kriminologie |k Kriminologie |k Strafverfahren und Strafvollzug; Empirische Bezugswissenschaften zur Kriminalrechtspflege; Forschung zu strafrechtlicher Sozialkontrolle |k Strafjustiz; Strafverfahren; Rechtsmedizin; Gerichtlicher Sachverständiger; Gerichtliche Psychiatrie; Kriminalpsychiatrie; Gerichtliche Psychologie; Aussagepsychologie |0 (DE-627)1271677156 |0 (DE-625)rvk/136530: |0 (DE-576)201677156 |
| 936 | r | v | |a CW 8100 |b Kriminologie, Kriminalistik (soweit für Psychologie von Interesse) |k Psychologie |k Angewandte Psychologie |k Andere Gebiete der angewandten Psychologie |k Kriminologie, Kriminalistik (soweit für Psychologie von Interesse) |0 (DE-627)127149616X |0 (DE-625)rvk/19208: |0 (DE-576)20149616X |
| 936 | b | k | |a 86.41 |j Kriminologie |0 (DE-627)181572001 |
| 936 | s | n | |a c200 |2 mzub |
| 936 | s | n | |a p100 |2 mzub |
| 951 | |a BO | ||
| ELC | |b 1 | ||
| LOK | |0 000 xxxxxcx a22 zn 4500 | ||
| LOK | |0 001 3203201887 | ||
| LOK | |0 003 DE-627 | ||
| LOK | |0 004 23511930X | ||
| LOK | |0 005 20020607000000 | ||
| LOK | |0 008 980213||||||||||||||||ger||||||| | ||
| LOK | |0 040 |a DE-21-110 |c DE-627 |d DE-21-110 | ||
| LOK | |0 852 |a DE-21-110 | ||
| LOK | |0 852 1 |c N VIII 91 |m p |9 00 | ||
| LOK | |0 935 |a k110 | ||
| LOK | |0 936ln |a 8.7.6 | ||
| LOK | |0 938 |k p | ||
| LOK | |0 939 |a 13-02-98 |b l01 | ||
| ORI | |a SA-MARC-krimdoka001.raw | ||
| SIG | |a IFK: N VIII 91 | ||
| TIM | |a 100019960101_100019961231 |b 1996 - 1996 | ||
